[Event "XXVII Festival Conca della Presolana B"]
[Site "Bratto - Castione della Presolana ITA"]
[Date "2007.08.27"]
[Round "4"]
[White "Saccani, Ercole"]
[Black "Cicioni, Luigi"]
[Result "1-0"]
[WhiteElo "1715"]
[BlackElo "1718"]
[PlyCount "114"]
[EventDate "2007.08.24"]

1. d4 Nf6 2. Bf4 d5 3. Nf3 c5 4. e3 Nc6 5. c3 g6 6. Bd3 Bg7 7. h3 O-O 8. Nbd2
Re8 9. Bb5 Nd7 10. O-O e5 11. dxe5 Ndxe5 12. Nxe5 Bxe5 13. Bxc6 bxc6 14. Bxe5
Rxe5 15. Qa4 Bd7 16. Qf4 Qe7 17. Rfe1 Rf5 18. Qh2 Qf6 19. g4 Re5 20. f4 Re7 21.
e4 Rae8 22. e5 Qg7 23. Nf3 Kh8 24. Qf2 f6 25. Qxc5 g5 26. exf6 Rxe1+ 27. Rxe1
Rxe1+ 28. Nxe1 Qxf6 29. fxg5 Qxg5 30. Qf8+ Qg8 31. Qf6+ Qg7 32. Qd8+ Qg8 33.
Qxd7 h5 34. Qf5 Qb8 35. Qxh5+ Kg8 36. Qg6+ Kh8 37. Qf6+ Kg8 38. Qf2 Qe5 39. h4
c5 40. Nf3 Qe4 41. Kh2 Qf4+ 42. Qg3 Qe3 43. Qb8+ Kh7 44. Qxa7+ Kg8 45. Qb8+ Kh7
46. Qc7+ Kg8 47. Qd8+ Kh7 48. Kg3 Qd3 49. Qe7+ Kh8 50. Qf8+ Kh7 51. Qf5+ Qxf5
52. gxf5 Kg7 53. Kf4 Kf6 54. h5 d4 55. cxd4 cxd4 56. Nxd4 Kg7 57. Kg5 Kh7 1-0

[Event "XXVII Festival Conca della Presolana B"]
[Site "Bratto - Castione della Presolana ITA"]
[Date "2007.08.27"]
[Round "4"]
[White "Saccani, Ettore"]
[Black "Mansueti, Marco"]
[Result "1/2-1/2"]
[WhiteElo "1888"]
[BlackElo "1703"]
[PlyCount "104"]
[EventDate "2007.08.24"]

1. e4 e5 2. Nf3 Nc6 3. Bb5 a6 4. Ba4 Bc5 5. c3 Nf6 6. d3 O-O 7. O-O d6 8. h3 h6
9. Re1 Nh7 10. d4 exd4 11. cxd4 Ba7 12. Nc3 f5 13. e5 d5 14. Nxd5 Kh8 15. Nf4
Ne7 16. Be3 g5 17. Ne2 Be6 18. Bb3 Nd5 19. Bd2 Rf7 20. Nc3 b5 21. Nxd5 Bxd5 22.
Bxd5 Qxd5 23. Qb3 Rd7 24. Qxd5 Rxd5 25. e6 Re8 26. Rac1 c5 27. dxc5 Bxc5 28.
Bc3+ Kg8 29. g4 Nf8 30. b4 fxg4 31. hxg4 Bd6 32. Bd2 Rxe6 33. Rxe6 Nxe6 34. Rc6
Nd4 35. Nxd4 Rxd4 36. Bc3 Rxg4+ 37. Kf1 Bxb4 38. Bxb4 Rxb4 39. Rxa6 Kg7 40. Rb6
Ra4 41. Rxb5 Rxa2 42. Rb6 Ra5 43. Kg2 Rf5 44. Kg3 h5 45. f3 Rf6 46. Rb4 Kg6 47.
f4 g4 48. Kh4 Rf5 49. Kg3 Kf7 50. Rb6 Rf6 51. Rb5 Kg6 52. Ra5 Kh6 1/2-1/2

[Event "XXVII Festival Conca della Presolana B"]
[Site "Bratto - Castione della Presolana ITA"]
[Date "2007.08.27"]
[Round "4"]
[White "Sala, Giovanni"]
[Black "Hunt, Daniel"]
[Result "1/2-1/2"]
[WhiteElo "1935"]
[BlackElo "1754"]
[PlyCount "64"]
[EventDate "2007.08.24"]

1. Nf3 Nf6 2. g3 g6 3. Bg2 Bg7 4. O-O O-O 5. d3 d5 6. Nbd2 c5 7. e4 Nc6 8. Re1
e5 9. exd5 Nxd5 10. Nc4 Re8 11. c3 b5 12. Ne3 Nxe3 13. Bxe3 Qd6 14. Ng5 Be6 15.
Ne4 Qc7 16. Nxc5 Rad8 17. Nxe6 Rxe6 18. Qb3 a6 19. Rad1 Red6 20. Bg5 R8d7 21.
Bh3 Na5 22. Qc2 f5 23. b4 Nc6 24. Qb3+ Kh8 25. d4 h6 26. Bc1 a5 27. dxe5 Nxe5
28. Bg2 Rxd1 29. Rxd1 Rxd1+ 30. Qxd1 Qxc3 31. bxa5 Qxa5 32. Qd2 Qa4 1/2-1/2

[Event "XXVII Festival Conca della Presolana B"]
[Site "Bratto - Castione della Presolana ITA"]
[Date "2007.08.27"]
[Round "4"]
[White "Saracco, Marco"]
[Black "Fontanesi, Riccardo"]
[Result "1/2-1/2"]
[WhiteElo "1840"]
[BlackElo "1837"]
[PlyCount "55"]
[EventDate "2007.08.24"]

1. d4 Nf6 2. Nf3 c5 3. d5 e6 4. c4 exd5 5. cxd5 d6 6. Nc3 g6 7. e4 Bg7 8. Bd3
O-O 9. h3 Na6 10. O-O Nc7 11. Bf4 b5 12. Re1 b4 13. Nb5 Nxb5 14. Bxb5 Nh5 15.
Bc1 Bd7 16. Bxd7 Qxd7 17. g4 Nf6 18. Bf4 Rfe8 19. Nd2 Qc7 20. Qc2 Nd7 21. Nc4
Ne5 22. Nxe5 Bxe5 23. Bxe5 Rxe5 24. f4 Re7 25. Qc4 Kg7 26. Re2 Rae8 27. Rae1 f6
28. Kg2 1/2-1/2

[Event "XXVII Festival Conca della Presolana B"]
[Site "Bratto - Castione della Presolana ITA"]
[Date "2007.08.27"]
[Round "4"]
[White "Spano' Cuomo, Gaetano"]
[Black "Brunello, Roberta"]
[Result "1-0"]
[WhiteElo "1861"]
[BlackElo "1953"]
[PlyCount "62"]
[EventDate "2007.08.24"]

1. d4 d5 2. Nf3 Nf6 3. e3 e6 4. Bd3 Bd6 5. O-O O-O 6. b3 Nbd7 7. Bb2 Re8 8. Ne5
Nf8 9. Nd2 N6d7 10. f4 f6 11. Nxd7 Bxd7 12. e4 f5 13. e5 Be7 14. Nf3 b6 15. c4
Bc6 16. Rc1 Rc8 17. Qc2 Bb7 18. cxd5 Bxd5 19. Ba6 Be4 20. Qc3 Ra8 21. Qxc7 Qd5
22. Qc3 Ng6 23. Qd2 h6 24. Rc7 Reb8 25. Bc4 Qd8 26. Bxe6+ Kh7 27. Rfc1 Nf8 28.
d5 Bxf3 29. Bxf5+ g6 30. gxf3 gxf5 31. d6 Ng6 1-0

[Event "XXVII Festival Conca della Presolana B"]
[Site "Bratto - Castione della Presolana ITA"]
[Date "2007.08.27"]
[Round "4"]
[White "Trussardi, Giuseppe"]
[Black "Cocuzzi, Edoardo"]
[Result "1-0"]
[WhiteElo "1702"]
[BlackElo "1887"]
[PlyCount "82"]
[EventDate "2007.08.24"]

1. c4 e5 2. e4 Bc5 3. Nc3 a6 4. g3 Nf6 5. Bg2 d6 6. h3 Be6 7. d3 Nc6 8. Nge2
Nh5 9. O-O O-O 10. Kh2 h6 11. Nd5 Bxd5 12. cxd5 Nd4 13. Nxd4 Bxd4 14. Qxh5 Qd7
15. Qg4 f5 16. exf5 Rxf5 17. Be4 Rxf2+ 18. Rxf2 Qxg4 19. hxg4 Bxf2 20. Bd2 Rf8
21. Bc3 b6 22. Kg2 Be3 23. Rf1 Rxf1 24. Kxf1 Kf7 25. Kg2 Kf6 26. Kf3 Bg1 27.
Bd2 a5 28. Be3 Bxe3 29. Kxe3 Kg5 30. Bf3 Kf6 31. d4 exd4+ 32. Kxd4 Ke7 33. Kc4
Kd7 34. Kb5 Kc8 35. Kc6 Kd8 36. Be4 Kc8 37. b3 g5 38. Bg6 Kd8 39. Bf5 Ke7 40.
Kxc7 Kf6 41. Kxd6 h5 1-0

[Event "XXVII Festival Conca della Presolana B"]
[Site "Bratto - Castione della Presolana ITA"]
[Date "2007.08.27"]
[Round "4"]
[White "Vargiu, Antonio"]
[Black "Tafur, Abel"]
[Result "1/2-1/2"]
[WhiteElo "1917"]
[BlackElo "1984"]
[PlyCount "53"]
[EventDate "2007.08.24"]

1. e4 d6 2. d4 Nf6 3. Nc3 g6 4. Bd3 Bg7 5. h3 O-O 6. Nf3 c6 7. O-O Na6 8. a3
Nc7 9. Be3 b6 10. Qd2 Ba6 11. Bxa6 Nxa6 12. Bh6 Qc7 13. Bxg7 Kxg7 14. Qe2 Qc8
15. e5 Ng8 16. Rfe1 Nc7 17. Rad1 d5 18. Qe3 Qf5 19. Rd2 Ne6 20. Ne2 h5 21. Nh4
Qg5 22. Qxg5 Nxg5 23. Ng3 Ne6 24. c3 Rac8 25. Ne2 Ng5 26. Ng3 Ne6 27. Ne2
1/2-1/2

[Event "XXVII Festival Conca della Presolana B"]
[Site "Bratto - Castione della Presolana ITA"]
[Date "2007.08.28"]
[Round "5"]
[White "Autelitano, Bruno"]
[Black "Bitossi, Massimo"]
[Result "1/2-1/2"]
[WhiteElo "1754"]
[BlackElo "1892"]
[PlyCount "68"]
[EventDate "2007.08.24"]

1. d4 Nf6 2. Nf3 g6 3. Nbd2 d6 4. e4 Bg7 5. Bd3 Nbd7 6. O-O e5 7. c3 O-O 8. Re1
Re8 9. a4 a5 10. Nc4 exd4 11. cxd4 d5 12. e5 dxc4 13. exf6 Rxe1+ 14. Nxe1 Qxf6
15. Bxc4 Qxd4 16. Qxd4 Bxd4 17. Nf3 Bg7 18. Bf4 Nc5 19. Ng5 Be6 20. Nxe6 Nxe6
21. Bxe6 fxe6 22. Bxc7 Bxb2 23. Rb1 Rc8 24. Bxa5 Rc2 25. g3 Kf7 26. Kg2 Kf6 27.
Bb6 e5 28. Be3 Kf5 29. Kf3 h5 30. h3 e4+ 31. Kg2 Ke5 32. Rd1 Rc4 33. Rb1 Rc2 34.
Rd1 Rc4 1/2-1/2

[Event "XXVII Festival Conca della Presolana B"]
[Site "Bratto - Castione della Presolana ITA"]
[Date "2007.08.28"]
[Round "5"]
[White "Brunello, Roberta"]
[Black "Cambieri, Mario"]
[Result "1-0"]
[WhiteElo "1953"]
[BlackElo "1867"]
[PlyCount "39"]
[EventDate "2007.08.24"]

1. e4 c5 2. c3 d5 3. exd5 Qxd5 4. d4 e6 5. Nf3 cxd4 6. cxd4 Nf6 7. Bd3 Be7 8.
O-O O-O 9. Nc3 Qd8 10. Be3 Na6 11. Rc1 Nb4 12. Bb1 Nbd5 13. Ne5 Bd7 14. Qf3 Rc8
15. Ne4 Nxe3 16. Qxe3 b6 17. Nxf6+ Bxf6 18. Ng4 Bc6 19. Rxc6 Rxc6 20. Qe4 1-0

[Event "XXVII Festival Conca della Presolana B"]
[Site "Bratto - Castione della Presolana ITA"]
[Date "2007.08.28"]
[Round "5"]
[White "Caputi, Giuliano"]
[Black "Spano' Cuomo, Gaetano"]
[Result "1-0"]
[WhiteElo "1975"]
[BlackElo "1861"]
[PlyCount "101"]
[EventDate "2007.08.24"]

1. c4 c5 2. Nc3 Nc6 3. Nf3 Nf6 4. d4 cxd4 5. Nxd4 d6 6. e4 Bd7 7. Be2 g6 8. O-O
Bg7 9. Be3 O-O 10. Qd2 Ng4 11. Bxg4 Bxg4 12. f3 Nxd4 13. Bxd4 Be6 14. b3 Qa5
15. Rac1 Bxd4+ 16. Qxd4 a6 17. Rf2 b5 18. Nd5 Bxd5 19. Qxd5 Rac8 20. Qg5 e6 21.
cxb5 axb5 22. Rd1 Rc5 23. Qe3 Qc7 24. Rfd2 Rd8 25. Qf4 Qb6 26. Kf1 Rc6 27. Ke2
b4 28. Qe3 Qxe3+ 29. Kxe3 Ra8 30. Rxd6 Rxd6 31. Rxd6 Rxa2 32. Rd2 Ra3 33. Rb2
Ra1 34. Kd3 f5 35. exf5 gxf5 36. Kc4 Re1 37. Kxb4 e5 38. Kc3 Kf7 39. b4 Ke6 40.
b5 Rc1+ 41. Kd2 Rc7 42. b6 Rb7 43. Rb5 Kd6 44. Ke3 Ke6 45. g4 f4+ 46. Ke4 Kf6
47. h4 h6 48. g5+ hxg5 49. hxg5+ Kxg5 50. Kxe5 Rf7 51. Ke4+ 1-0

[Event "XXVII Festival Conca della Presolana B"]
[Site "Bratto - Castione della Presolana ITA"]
[Date "2007.08.28"]
[Round "5"]
[White "Cocuzzi, Edoardo"]
[Black "Saccani, Ercole"]
[Result "1/2-1/2"]
[WhiteElo "1887"]
[BlackElo "1715"]
[PlyCount "97"]
[EventDate "2007.08.24"]

1. e4 d6 2. d4 Nf6 3. Nc3 c6 4. Be3 g6 5. Be2 Bg7 6. a3 b6 7. g4 h5 8. gxh5
Nxh5 9. Qd2 Ba6 10. f4 Ng3 11. Bxa6 Nxa6 12. hxg3 Rxh1 13. Qg2 Rh8 14. g4 Rc8
15. O-O-O Nc7 16. f5 d5 17. Nh3 Nb5 18. Nf4 Nxc3 19. bxc3 Qd6 20. Kb2 Bf8 21.
e5 Qb8 22. fxg6 fxg6 23. Nxg6 Rg8 24. Qh3 c5 25. Rf1 Rxg6 26. Rxf8+ Kxf8 27.
Qh8+ Kf7 28. Qh7+ Rg7 29. e6+ Kxe6 30. Qf5+ Kd6 31. Bf4+ Kc6 32. Bxb8 Rxb8 33.
Qe6+ Kb7 34. Qxd5+ Kc8 35. Qe6+ Kb7 36. Qd7+ Ka8 37. d5 a6 38. d6 Rb7 39. Qd8+
Ka7 40. dxe7 Rbxe7 41. a4 Rb7 42. g5 Rg6 43. c4 a5 44. Kb3 Rbg7 45. Kc3 Rxg5
46. Kb2 Rg4 47. Kb3 Rd4 48. Qf8 Rgd7 49. Qe8 1/2-1/2

[Event "XXVII Festival Conca della Presolana B"]
[Site "Bratto - Castione della Presolana ITA"]
[Date "2007.08.28"]
[Round "5"]
[White "Crimi, Alessandro"]
[Black "Biava, Pierluigi"]
[Result "1-0"]
[WhiteElo "1918"]
[BlackElo "1739"]
[PlyCount "101"]
[EventDate "2007.08.24"]

1. c4 Nf6 2. d4 e6 3. Nc3 Bb4 4. e3 O-O 5. Bd3 d5 6. cxd5 Qxd5 7. Nf3 c5 8. O-O
Qh5 9. Nb5 Na6 10. a3 Ba5 11. dxc5 Bd7 12. Nd6 Bc6 13. b4 Bc7 14. Nd4 Qxd1 15.
Rxd1 Ba4 16. Rd2 Bxd6 17. cxd6 Rfd8 18. Nf3 Ne8 19. d7 Bxd7 20. Ne5 Ba4 21. Nc4
Nac7 22. Bb2 Nd5 23. Be5 f6 24. Bg3 e5 25. Na5 Nd6 26. Nxb7 Nxb7 27. Bc4 Kf8
28. Bxd5 Rd7 29. e4 Ke7 30. f4 exf4 31. Bxf4 Rad8 32. Rc1 Nd6 33. Rb2 Nb5 34.
Be3 f5 35. Bg5+ Kd6 36. Rd2 fxe4 37. Bc6+ Ke6 38. Bxd7+ Rxd7 39. Rc6+ Nd6 40.
Ra6 Bb5 41. Ra5 Bd3 42. Rf2 h6 43. Bc1 Nc4 44. Rc5 e3 45. Rf8 e2 46. Kf2 a6 47.
Re8+ Re7 48. Rxe7+ Kxe7 49. Rd5 Be4 50. Rd4 Bxg2 51. Rxc4 1-0

[Event "XXVII Festival Conca della Presolana B"]
[Site "Bratto - Castione della Presolana ITA"]
[Date "2007.08.28"]
[Round "5"]
[White "De Bortoli, Thomas"]
[Black "Antoniacci, Riccardo"]
[Result "0-1"]
[WhiteElo "1617"]
[BlackElo "1989"]
[PlyCount "110"]
[EventDate "2007.08.24"]

1. e4 e5 2. Nf3 Nc6 3. d4 exd4 4. Bc4 Nf6 5. O-O Nxe4 6. Re1 d5 7. Bxd5 Qxd5 8.
Nc3 Qa5 9. Nxe4 Be6 10. Neg5 O-O-O 11. Nxe6 fxe6 12. Rxe6 Bd6 13. Qe2 Qh5 14.
Qe4 Rhf8 15. h3 h6 16. Bd2 Qf7 17. Re1 Ne5 18. Rxe5 Bxe5 19. Qxe5 Rfe8 20. Qa5
Rxe1+ 21. Bxe1 a6 22. b3 Qg6 23. Qd2 c5 24. Qd3 Qe6 25. Ba5 Re8 26. Qc4 Qxc4
27. bxc4 Kd7 28. Kf1 Kc6 29. a4 b6 30. Bd2 g5 31. Nh2 b5 32. cxb5+ axb5 33.
axb5+ Kxb5 34. Ng4 Re6 35. f3 Ka4 36. Nf2 c4 37. Ne4 Ka3 38. c3 d3 39. Kf2 Kb2
40. Ke3 Kc2 41. Be1 Ra6 42. Kd4 Ra1 43. Bd2 Rg1 44. g4 Rg2 45. Be3 Rh2 46. f4
gxf4 47. Bxf4 Rxh3 48. Kxc4 Rh4 49. Kd4 h5 50. c4 Rxg4 51. Be3 h4 52. c5 h3 53.
c6 h2 54. c7 Rxe4+ 55. Kd5 Re8 0-1

[Event "XXVII Festival Conca della Presolana B"]
[Site "Bratto - Castione della Presolana ITA"]
[Date "2007.08.28"]
[Round "5"]
[White "Delledonne, Francesco"]
[Black "Bocceda, Carlo"]
[Result "1-0"]
[WhiteElo "1822"]
[BlackElo "1739"]
[PlyCount "59"]
[EventDate "2007.08.24"]

1. d4 Nf6 2. c4 c6 3. Nf3 d5 4. e3 Bg4 5. Nc3 e6 6. Be2 Bd6 7. O-O Nbd7 8. b3
O-O 9. Qc2 Rc8 10. e4 dxe4 11. Nxe4 Nxe4 12. Qxe4 Nf6 13. Qc2 Qc7 14. h3 Bh5
15. Bb2 Bg6 16. Bd3 Rcd8 17. Rfe1 Bf4 18. Rad1 Rfe8 19. Ne5 Bxd3 20. Rxd3 Bxe5
21. Rxe5 Re7 22. Rg3 Red7 23. Reg5 Ne8 24. d5 f6 25. Rh5 e5 26. Qxh7+ Kf7 27.
Qg6+ Kg8 28. Rg4 Kf8 29. Bxe5 fxe5 30. Rh8+ 1-0

[Event "XXVII Festival Conca della Presolana B"]
[Site "Bratto - Castione della Presolana ITA"]
[Date "2007.08.28"]
[Round "5"]
[White "Di Donato, Giovanni"]
[Black "Davi, Alessandro"]
[Result "1-0"]
[WhiteElo "1939"]
[BlackElo "1834"]
[PlyCount "67"]
[EventDate "2007.08.24"]

1. e4 c6 2. d4 d5 3. e5 Bf5 4. Nc3 e6 5. g4 Bg6 6. Nf3 c5 7. Bb5+ Nc6 8. h4 h6
9. Be3 Qb6 10. Qe2 a6 11. Bxc6+ Qxc6 12. h5 Bh7 13. Nd1 Rc8 14. Rc1 c4 15. O-O
Be7 16. Nh2 Bd8 17. Bd2 Ne7 18. Ne3 b5 19. Bb4 Qb6 20. Qd2 a5 21. Bd6 Rc6 22.
f4 Rxd6 23. exd6 Qxd6 24. f5 exf5 25. Nxf5 Nxf5 26. gxf5 O-O 27. Qg2 Bg5 28.
Rce1 Bf6 29. c3 Rd8 30. Ng4 Kh8 31. Ne5 Qc7 32. Qg3 Qb7 33. Re2 b4 34. Rg2 1-0

[Event "XXVII Festival Conca della Presolana B"]
[Site "Bratto - Castione della Presolana ITA"]
[Date "2007.08.28"]
[Round "5"]
[White "Fontanesi, Riccardo"]
[Black "Bini, Gabriele"]
[Result "1-0"]
[WhiteElo "1837"]
[BlackElo "1601"]
[PlyCount "43"]
[EventDate "2007.08.24"]

1. d4 Nf6 2. c4 g6 3. Nc3 Bg7 4. e4 d6 5. Be2 O-O 6. Bg5 e5 7. dxe5 dxe5 8.
Qxd8 Rxd8 9. Nd5 Rxd5 10. exd5 Ne4 11. Nf3 Nxg5 12. Nxg5 h6 13. Ne4 b6 14. O-O
f5 15. Nc3 c6 16. Rfd1 c5 17. Rab1 Na6 18. a3 Bd7 19. Nb5 Kf7 20. h3 Ke7 21. g4
f4 22. Bf3 1-0

[Event "XXVII Festival Conca della Presolana B"]
[Site "Bratto - Castione della Presolana ITA"]
[Date "2007.08.28"]
[Round "5"]
[White "Franzini, Stefano"]
[Black "Trussardi, Giuseppe"]
[Result "1-0"]
[WhiteElo "1905"]
[BlackElo "1702"]
[PlyCount "95"]
[EventDate "2007.08.24"]

1. e4 d6 2. d4 Nf6 3. Bd3 c6 4. f4 g6 5. Nf3 Bg7 6. c3 O-O 7. O-O e6 8. Na3 d5
9. e5 Nfd7 10. Qe1 c5 11. Nc2 Nc6 12. Qg3 c4 13. Be2 Ne7 14. Ne3 b5 15. Nh4 Kh8
16. f5 exf5 17. Nexf5 Nxf5 18. Nxf5 gxf5 19. Rxf5 Nc5 20. Rh5 Ne4 21. Qe3 Qe7
22. Bf3 f5 23. Bxe4 fxe4 24. Qg3 Bf5 25. Bg5 Qf7 26. Rh4 Qe6 27. Rf4 Qg6 28.
Qh4 Kg8 29. Raf1 Rac8 30. h3 Be6 31. Bf6 Bh6 32. Rg4 Bxg4 33. hxg4 Be3+ 34. Kh2
Qh6 35. g3 Qxh4+ 36. gxh4 Bh6 37. g5 Bg7 38. Rg1 Kf7 39. h5 Bxf6 40. Rf1 Ke6
41. gxf6 Kf7 42. Kg3 Rg8+ 43. Kf4 h6 44. b3 Rg5 45. bxc4 bxc4 46. Rb1 Rxh5 47.
Rb7+ Kg6 48. Rg7# 1-0

[Event "XXVII Festival Conca della Presolana B"]
[Site "Bratto - Castione della Presolana ITA"]
[Date "2007.08.28"]
[Round "5"]
[White "Galasso, Daniele"]
[Black "Saracco, Marco"]
[Result "0-1"]
[WhiteElo "1712"]
[BlackElo "1840"]
[PlyCount "55"]
[EventDate "2007.08.24"]

1. c4 e6 2. Nc3 d5 3. Nf3 Nf6 4. e3 Be7 5. d4 O-O 6. Bd3 c5 7. O-O Nc6 8. Re1
cxd4 9. exd4 b6 10. Bg5 dxc4 11. Bxc4 Na5 12. Bd3 Bb7 13. Ne5 Nc6 14. Bxf6 Bxf6
15. Qh5 g6 16. Nxc6 Bxc6 17. Qe2 Qxd4 18. Rad1 Qc5 19. Be4 Rfd8 20. Rc1 Bxe4
21. Nxe4 Qe7 22. Nxf6+ Qxf6 23. Rc7 Rd5 24. Rec1 Rad8 25. Kf1 Rd2 26. Qe1 Qxb2
27. Rxa7 Rc2 28. Rb1 0-1

[Event "XXVII Festival Conca della Presolana B"]
[Site "Bratto - Castione della Presolana ITA"]
[Date "2007.08.28"]
[Round "5"]
[White "Gallana, Marco"]
[Black "Proietti, Giorgio"]
[Result "1-0"]
[WhiteElo "1949"]
[BlackElo "1878"]
[PlyCount "95"]
[EventDate "2007.08.24"]

1. d4 d5 2. c4 e6 3. Nc3 Be7 4. Nf3 Nf6 5. Bg5 c6 6. e3 O-O 7. Rc1 Nbd7 8. Qc2
Re8 9. a3 a6 10. h3 h6 11. Bf4 dxc4 12. Bxc4 Nd5 13. Bxd5 exd5 14. Nxd5 Qa5+
15. Nc3 Nf6 16. O-O Nd5 17. Nxd5 Qxd5 18. e4 Qh5 19. Qe2 Be6 20. Rfe1 Rad8 21.
Rcd1 Rd7 22. Ne5 Qxe2 23. Rxe2 Rdd8 24. Nf3 Bf6 25. Bc7 Rd7 26. Bb6 Bd5 27.
Rde1 Rde7 28. Ne5 Bb3 29. Re3 Ba4 30. b3 Bxe5 31. dxe5 Bb5 32. a4 Rxe5 33. f4
R5e6 34. axb5 cxb5 35. Bd4 f6 36. e5 fxe5 37. Rxe5 Rxe5 38. Rxe5 Rd8 39. Bc5
Rd1+ 40. Kh2 Rb1 41. b4 b6 42. Bd6 Rd1 43. Bc7 Rd4 44. Re6 Rxb4 45. Rxb6 a5 46.
Rb8+ Kf7 47. Bxa5 Rxf4 48. Rxb5 1-0

[Event "XXVII Festival Conca della Presolana B"]
[Site "Bratto - Castione della Presolana ITA"]
[Date "2007.08.28"]
[Round "5"]
[White "Gatta, Flavio"]
[Black "Acunzo, Domenico"]
[Result "0-1"]
[WhiteElo "1791"]
[BlackElo "1776"]
[PlyCount "78"]
[EventDate "2007.08.24"]

1. e4 e6 2. d4 d5 3. e5 c5 4. c3 Nc6 5. Nf3 Qb6 6. a3 c4 7. Nbd2 Na5 8. Rb1 Bd7
9. Qe2 h6 10. g3 Ne7 11. Nh4 g5 12. Ng2 Ng6 13. Ne3 h5 14. Nc2 O-O-O 15. Nb4
Be7 16. b3 cxb3 17. Nxb3 Nc4 18. Nd2 Nxd2 19. Bxd2 a5 20. Qd1 axb4 21. cxb4
Qxd4 22. Be2 Nxe5 23. O-O Kb8 24. a4 Nc4 25. Bxc4 dxc4 26. Qe1 Bc6 27. Be3 Qf6
28. f4 g4 29. b5 Bf3 30. b6 Rd5 31. a5 h4 32. a6 hxg3 33. a7+ Ka8 34. Qxg3 Rh3
35. Qe1 Qh8 36. Rf2 Bh4 37. Qb4 Bxf2+ 38. Kxf2 Rxh2+ 39. Kf1 Qh3+ 0-1

[Event "XXVII Festival Conca della Presolana B"]
[Site "Bratto - Castione della Presolana ITA"]
[Date "2007.08.28"]
[Round "5"]
[White "Hunt, Daniel"]
[Black "Morandi, Daniele"]
[Result "1/2-1/2"]
[WhiteElo "1754"]
[BlackElo "1904"]
[PlyCount "157"]
[EventDate "2007.08.24"]

1. e4 e5 2. Nf3 Nc6 3. Bb5 a6 4. Ba4 Nf6 5. Qe2 b5 6. Bb3 Be7 7. O-O O-O 8. c3
d6 9. Rd1 Bg4 10. h3 Bh5 11. d3 Na5 12. Bc2 c5 13. Nbd2 Qc7 14. Nf1 c4 15. d4
Nc6 16. Ng3 Bg6 17. d5 Na5 18. Nh4 Nb7 19. Nhf5 Nc5 20. Be3 Rfe8 21. Qf3 a5 22.
Nxe7+ Rxe7 23. Bg5 Ncd7 24. Nf5 Ree8 25. a4 b4 26. cxb4 axb4 27. b3 cxb3 28.
Bxb3 Qc3 29. Nxd6 Reb8 30. Bxf6 Nxf6 31. Rac1 Qxf3 32. gxf3 Nh5 33. Nc4 f6 34.
Rc2 Nf4 35. Kh2 Kf8 36. a5 Be8 37. d6 Bf7 38. d7 Bxc4 39. Bxc4 Ke7 40. a6 Ra7
41. Rcd2 Rd8 42. Rd6 Rc7 43. Bb5 Ne6 44. Rb6 Nd4 45. Ba4 Ra7 46. f4 Rda8 47.
fxe5 fxe5 48. f4 Rxa6 49. Rxa6 Rxa6 50. fxe5 Rxa4 51. Rxd4 Ra8 52. Rxb4 Ke6 53.
Kg3 Kxe5 54. Rc4 Rd8 55. Rc8 Rxd7 56. Re8+ Kf6 57. e5+ Kf7 58. Ra8 Ke6 59. Ra5
Kf5 60. Kh4 Rd3 61. e6+ Kxe6 62. Ra7 Rd7 63. Ra6+ Rd6 64. Ra7 Kf6 65. Ra4 g6
66. Ra5 Rd4+ 67. Kg3 g5 68. Ra6+ Kf5 69. Ra5+ Kg6 70. Ra6+ Kh5 71. Ra3 Rd6 72.
Rb3 Kg6 73. h4 h6 74. hxg5 hxg5 75. Ra3 Rd1 76. Ra6+ Kh5 77. Ra3 Rg1+ 78. Kh3
Rb1 79. Kg3 1/2-1/2

[Event "XXVII Festival Conca della Presolana B"]
[Site "Bratto - Castione della Presolana ITA"]
[Date "2007.08.28"]
[Round "5"]
[White "Luppi, Dario"]
[Black "Marsili, Riccardo"]
[Result "1/2-1/2"]
[WhiteElo "1763"]
[BlackElo "1686"]
[PlyCount "57"]
[EventDate "2007.08.24"]

1. d4 d5 2. Nf3 c6 3. Bf4 e6 4. e3 Bd6 5. Bg3 Nf6 6. Bd3 Bxg3 7. hxg3 Nbd7 8.
Nbd2 Qe7 9. c3 e5 10. Nxe5 Nxe5 11. dxe5 Qxe5 12. Nf3 Qe7 13. Nd4 Bd7 14. Qc2
O-O-O 15. O-O-O h6 16. Rhe1 Ne4 17. Bxe4 Qxe4 18. Qxe4 dxe4 19. f3 f5 20. f4
Rhf8 21. b4 Rf6 22. Rd2 Be6 23. Red1 Bd5 24. Ne2 Rff8 25. Kb2 Kc7 26. a4 a6 27.
b5 axb5 28. axb5 Ra8 29. Nd4 1/2-1/2

[Event "XXVII Festival Conca della Presolana B"]
[Site "Bratto - Castione della Presolana ITA"]
[Date "2007.08.28"]
[Round "5"]
[White "Mazzetta, Renato"]
[Black "Buono, Valerio"]
[Result "1/2-1/2"]
[WhiteElo "1864"]
[BlackElo "1965"]
[PlyCount "45"]
[EventDate "2007.08.24"]

1. e4 e5 2. Nc3 Nc6 3. g3 Nf6 4. Bg2 Bc5 5. d3 h6 6. h3 a6 7. Nge2 d6 8. O-O
Bd7 9. a3 Qc8 10. b4 Ba7 11. Kh2 h5 12. Nd5 Nxd5 13. exd5 Nd4 14. Bb2 h4 15. g4
Nxe2 16. Qxe2 O-O 17. f4 f6 18. g5 Qe8 19. f5 fxg5 20. Qg4 Be3 21. Bc1 Bf4+ 22.
Bxf4 gxf4 23. Be4 1/2-1/2

[Event "XXVII Festival Conca della Presolana B"]
[Site "Bratto - Castione della Presolana ITA"]
[Date "2007.08.28"]
[Round "5"]
[White "Menegollo, Carlo"]
[Black "Cobas Ferrer, Dayami"]
[Result "1/2-1/2"]
[WhiteElo "1889"]
[BlackElo "1992"]
[PlyCount "121"]
[EventDate "2007.08.24"]

1. e4 e5 2. d4 exd4 3. Qxd4 Nc6 4. Qe3 d6 5. Nc3 Nf6 6. Bd2 Be7 7. f3 Be6 8.
O-O-O a6 9. g4 d5 10. Nxd5 Nxd5 11. exd5 Qxd5 12. c4 Qc5 13. Qxc5 Bxc5 14. Bf4
O-O 15. Nh3 h6 16. b3 b5 17. Bxc7 bxc4 18. Bxc4 Bxc4 19. bxc4 Nd4 20. Bd6 Bxd6
21. Rxd4 Ba3+ 22. Kc2 Rab8 23. Rb1 Rxb1 24. Kxb1 Rb8+ 25. Kc2 Rb2+ 26. Kd3 Rxa2
27. Rd8+ Kh7 28. Rd5 Rxh2 29. Nf4 Bb4 30. c5 Rf2 31. Ke4 Rc2 32. Nd3 a5 33. Ke5
Rc3 34. Kd6 Bxc5+ 35. Nxc5 Rxf3 36. Rd4 Kg6 37. Nd3 Re3 38. Ne5+ Kg5 39. Nxf7+
Kh4 40. Ra4 Rg3 41. Ne5 h5 42. Ng6+ Kg5 43. gxh5 Kxh5 44. Nf4+ Kg5 45. Ne6+ Kf6
46. Nc5 Rg1 47. Rxa5 Rd1+ 48. Kc6 Kf5 49. Nd3+ Kf6 50. Nf2 Rd4 51. Ra1 g5 52.
Kc5 Rf4 53. Nd3 Rf5+ 54. Kd4 g4 55. Ke4 Kg5 56. Rg1 Ra5 57. Ke3 Ra8 58. Kf2
Ra2+ 59. Kf1 Ra1+ 60. Ne1 Ra2 61. Rg2 1/2-1/2

[Event "XXVII Festival Conca della Presolana B"]
[Site "Bratto - Castione della Presolana ITA"]
[Date "2007.08.28"]
[Round "5"]
[White "Nepi, Ezio"]
[Black "Vargiu, Antonio"]
[Result "1-0"]
[WhiteElo "1831"]
[BlackElo "1917"]
[PlyCount "101"]
[EventDate "2007.08.24"]

1. c4 e6 2. Nc3 d5 3. d4 Nf6 4. cxd5 exd5 5. Bg5 c6 6. e3 Nbd7 7. Nf3 Qa5 8. a3
Ne4 9. Rc1 Nxc3 10. bxc3 Bxa3 11. Rc2 Bd6 12. Bd3 Qc7 13. O-O h6 14. Bh4 O-O
15. c4 dxc4 16. Bxc4 Nb6 17. Ba2 Bg4 18. Qd3 Qd7 19. Nd2 Nd5 20. Ne4 Bf5 21.
Rb1 Nb4 22. Rxb4 Bxb4 23. g4 Bg6 24. Nf6+ Kh8 25. Qxg6 fxg6 26. Nxd7 Rfe8 27.
Bf7 Re4 28. Bxg6 Rxg4+ 29. Kh1 Rxg6 30. Ne5 Re6 31. f4 Be7 32. Bxe7 Rxe7 33.
Ng6+ Kg8 34. Nxe7+ Kf7 35. Nf5 Rd8 36. Kg2 Kf6 37. Ng3 g6 38. Kf3 Rd7 39. Ne4+
Kf7 40. h4 Kg7 41. Nc5 Re7 42. Nd3 Kf6 43. Ne5 Kg7 44. Rg2 Re6 45. f5 Rf6 46.
Rxg6+ Rxg6 47. fxg6 a5 48. Ke2 a4 49. Kd2 b5 50. h5 b4 51. Kc2 1-0